| 000 | 00488nam a2200157 i 4500 | ||
|---|---|---|---|
| 001 | 24148 | ||
| 003 | ES-MaACL | ||
| 005 | 20230906153011.0 | ||
| 007 | t| | ||
| 008 | 021216s1918 fr ||||1| fre d | ||
| 245 | 0 | 0 |
_aAnthologie protestante française _b: XVI et XVII siecles / _ccomposée sous la direction de Raoul Allier. |
| 260 |
_aParís ; _aGeneve : _bG. Gres, _c1918. |
||
| 300 |
_aXVI, 323 p., 1 lám. ; _c19 cm. |
||
| 700 | 1 |
_aAllier, Raoul. _920038 |
|
| 852 |
_aES-MaACL _jG-3476 |
||
| 999 |
_c24148 _d24148 |
||